[Event "SIO"]
[Site "Twin Falls, ID"]
[Date "2009.11.14"]
[Round "1.5"]
[White "Porth, Adam"]
[Black "Bartell, Fred"]
[Result "0-1"]
[WhiteElo "1191"]
[BlackElo "1718"]

1. d4 d5 2. Nf3 Nf6 3. e3 Nc6 4. Bd3 Bg4 5. Nbd2 e6 6. a3 Bd6 7. b3 Ne7 8. Bb2
Bf5 9. Bxf5 Nxf5 10. Ne5 h5 11. h3 Nh4 12. O-O Qe7 13. Qe2 a6 14. f4 Nf5 15.
Rf3 h4 16. Nf1 Ne4 17. Rc1 Bxa3 18. c4 c6 19. c5 Bb4 20. Nd3 Ba5 21. b4 Bc7
22. Ne5 O-O-O 23. Ra1 Bxe5 24. dxe5 g5 25. Nh2 gxf4 26. exf4 Rhg8 27. Ng4 Rg6
28. Nf6 Nfg3 29. Qd3 Qc7 30. Bd4 Kb8 31. Qd1 Nf5 32. Rb3 Nxf6 33. exf6 Qxf4
34. Bb2 Rxg2+ 35. Kxg2 Rg8+ 36. Kh1 Ng3+ 37. Rxg3 Rxg3 38. Qe1 Qf3+ 39. Kh2
Qg2# 0-1

[Event "SIO"]
[Site "Twin Falls, ID"]
[Date "2009.11.14"]
[Round "2.13"]
[White "Simonson, Jay L"]
[Black "Porth, Adam"]
[Result "0-1"]
[WhiteElo "621"]
[BlackElo "1191"]

1. e4 e5 2. Nf3 Nf6 3. Nc3 d5 4. Nxe5 dxe4 5. Bc4 Be6 6. Bxe6 fxe6 7. Qe2 Qd4
8. Qb5+ Nbd7 9. Qxb7 Rd8 10. Qb5 Bc5 11. O-O Qxe5 12. b3 Ng4 13. Qe2 Qxh2# 0-1

[Event "SIO"]
[Site "Twin Falls, ID"]
[Date "2009.11.15"]
[Round "4.12"]
[White "Bruess, Shane Anthony"]
[Black "Porth, Adam"]
[Result "0-1"]
[WhiteElo "825"]
[BlackElo "1191"]

1. e4 e5 2. Nf3 Nf6 3. Nc3 d6 4. d4 exd4 5. Qxd4 Nc6 6. Bb5 Bd7 7. Bxc6 Bxc6
8. O-O g6 9. Re1 Bg7 10. Bg5 O-O 11. g3 h6 12. Bxf6 Bxf6 13. Qe3 Bg7 14. Red1
Qf6 15. Nd5 Bxd5 16. exd5 Rfe8 17. Qf4 Qxb2 18. Qg4 Qxc2 19. Qd7 Bxa1 20. Rxa1
Qc3 21. Qh3 Qxa1+ 22. Kg2 h5 23. g4 Qxa2 24. Ng5 Qxd5+ {#R} 0-1

[Event "Idaho Closed"]
[Site "Boise, ID"]
[Date "2010.02.13"]
[Round "1.6"]
[White "Porth, Adam"]
[Black "Baggett, Jeff M"]
[Result "0-1"]
[WhiteElo "1190"]
[BlackElo "1801"]

1. d4 Nf6 2. Nf3 g6 3. e3 Bg7 4. Bd3 c6 5. Nbd2 O-O 6. O-O Qc7 7. Re1 d5 8.
Ne5 Nbd7 9. Ndf3 Ne8 10. Nxd7 Bxd7 11. Ng5 Nf6 12. e4 Ng4 13. e5 Nh6 14. Bf4
f6 15. Nf3 Bg4 16. Qd2 g5 17. Nxg5 fxg5 18. Bxg5 Nf7 19. Bf4 e6 20. Qe3 Nh8
21. Qg3 Bh5 22. Qg5 Bg6 23. Bxg6 Nxg6 24. Bg3 Ne7 25. f4 Nf5 26. Bf2 Qf7 27.
Qg4 Kh8 28. c3 Nh6 29. Qh4 Qxf4 30. Qxf4 Rxf4 31. Be3 Rf7 32. h3 Nf5 33. Bf4
Nxd4 34. cxd4 Rxf4 35. Rad1 Raf8 36. Kh2 Rf2 37. Rb1 Bh6 38. h4 Bf4+ 39. Kh3
Rg8 40. Rg1 Rg3+ 41. Kh2 Rd3+ 42. Kh1 Rxd4 43. h5 Bxe5 44. g3 Rh4+ 45. gxh4
Rh2# 0-1

[Event "Idaho Closed"]
[Site "Boise, ID"]
[Date "2010.02.14"]
[Round "3.9"]
[White "Porth, Adam"]
[Black "Stark, Jim"]
[Result "1-0"]
[WhiteElo "1190"]
[BlackElo "1563"]

1. d4 d5 2. Nf3 Nf6 3. e3 Nc6 4. b3 Bf5 5. Bb2 a6 6. Bd3 Bxd3 7. Qxd3 e6 8. c3
Bd6 9. Nbd2 O-O 10. O-O Ne7 11. Rfe1 c6 12. Rac1 Ng6 13. c4 dxc4 14. Nxc4 Bc7
15. e4 e5 16. Qc2 exd4 17. Bxd4 Nh5 18. Rcd1 Qb8 19. e5 Nhf4 20. Bb6 Re8 21.
Qf5 Ne6 22. Rd7 Ne7 23. Qh5 g6 24. Qh4 Nd5 25. Bxc7 Ndxc7 26. Nb6 Ra7 27. Qf6
Rf8 28. Ng5 Nxg5 29. Qxg5 Ne6 30. Qh6 Nc5 31. Rd4 Qc7 32. Nc4 Qe7 33. Re3 Rd8
34. Rh3 f6 35. Rxd8+ Qxd8 36. Qxh7+ Kf8 37. Qh8+ Ke7 38. Rh7+ {#r} 1-0

[Event "Idaho Closed"]
[Site "Boise, ID"]
[Date "2010.02.14"]
[Round "4.8"]
[White "Porth, Adam"]
[Black "Kircher, Caleb Paul"]
[Result "0-1"]
[WhiteElo "1190"]
[BlackElo "1548"]

1. d4 f5 2. Bf4 Nf6 3. e3 d6 4. Bd3 g6 5. c4 c6 6. Nc3 Nbd7 7. Nf3 h6 8. Qc2
e6 9. h3 Qe7 10. O-O-O e5 11. dxe5 dxe5 12. Bxf5 gxf5 13. Bg3 Qe6 14. b3 Bd6
15. Nh4 Nf8 16. Nxf5 Qxf5 17. Qxf5 Bxf5 18. Rxd6 N6d7 19. Bh4 Rh7 20. g4 Ng6
21. Bg3 Ke7 22. gxf5 Kxd6 23. fxg6 Rg7 24. f4 Rxg6 25. Ne4+ Ke6 26. Rd1 Rag8
27. Rf1 Rxg3 28. f5+ Ke7 29. Nxg3 Rxg3 30. Kd2 Rg2+ 31. Ke1 Rxa2 32. Rf2 Rxf2
33. Kxf2 Nc5 34. Kf3 Nxb3 35. h4 a5 36. Kg4 a4 37. Kh5 Kf6 38. Kxh6 a3 39. h5
a2 40. e4 a1=Q 41. c5 Qg1 42. Kh7 Qg7# 0-1

[Event "Idaho Closed"]
[Site "Boise, ID"]
[Date "2010.02.15"]
[Round "5.10"]
[White "Weathers, Rickey D"]
[Black "Porth, Adam"]
[Result "1-0"]
[WhiteElo "1500"]
[BlackElo "1190"]

1. e4 c6 2. d4 d5 3. e5 Bf5 4. Nf3 e6 5. Nc3 Nd7 6. a3 c5 7. Be3 c4 8. g3 Be7
9. Bg2 f6 10. Nh4 fxe5 11. Nxf5 exf5 12. Bxd5 Qc7 13. O-O Ngf6 14. Qe2 Nxd5
15. Nxd5 Qc6 16. Nxe7 Kxe7 17. dxe5 h6 18. f4 b5 19. Rad1 Rhd8 20. Rd6 Qe4 21.
Rfd1 Nxe5 22. fxe5 Qxe5 23. Bg5+ {#r} 1-0

[Event "Idaho Closed"]
[Site "Boise, ID"]
[Date "2010.02.15"]
[Round "6.16"]
[White "Patterson, Katie Rae"]
[Black "Porth, Adam"]
[Result "0-1"]
[WhiteElo "978"]
[BlackElo "1190"]

1. c4 c6 2. Nc3 d5 3. cxd5 cxd5 4. d4 e6 5. Nf3 Bb4 6. g3 Qa5 7. Bd2 Nc6 8.
Bg2 Nge7 9. O-O Nf5 10. e3 Qc7 11. a3 Bd6 12. Nb5 Qe7 13. Nxd6+ Nxd6 14. Ne5
Nxe5 15. dxe5 Nc4 16. Bc3 Bd7 17. Re1 Bb5 18. a4 Ba6 19. e4 Rd8 20. exd5 O-O
21. Qb3 Qg5 22. dxe6 fxe6 23. Bxb7 Rb8 24. f4 Qg4 25. Bb4 Rxb7 26. Kg2 Rxf4
27. h3 Qg5 28. a5 Rb8 29. Rf1 Bb7+ 30. Rf3 Bxf3+ 31. Qxf3 Rxf3 32. Kxf3 Rf8+
33. Kg2 Ne3+ 34. Kg1 Qxg3+ 35. Kh1 Qg2# 0-1

[Event "Idaho Open"]
[Site "Pocatello, ID"]
[Date "2010.05.01"]
[Round "1.6"]
[White "Kircher, Caleb Paul"]
[Black "Porth, Adam"]
[Result "1-0"]
[WhiteElo "1623"]
[BlackElo "1255"]

1. d4 d5 2. Nf3 e6 3. e3 c5 4. b3 Nc6 5. Bb2 Qc7 6. dxc5 Bxc5 7. Bxg7 Bd7 8.
Bxh8 f6 9. Bd3 O-O-O 10. O-O h5 11. c3 Be7 12. Nd4 Qe5 13. Nxc6 Bxc6 14. Bg7
Qg5 15. f4 Qxg7 16. Qxh5 d4 17. Qh3 Kb8 18. exd4 Nh6 19. Qg3 Qxg3 20. hxg3 Ng4
21. Nd2 Rg8 22. Be4 Bd7 23. Rae1 f5 24. Bxf5 exf5 25. Rxe7 Bc6 26. c4 b5 27.
d5 Bb7 28. Rfe1 Nf6 29. Rf7 Ne4 30. Nxe4 fxe4 31. Kf2 bxc4 32. Rxb7+ Kxb7 33.
bxc4 e3+ 34. Rxe3 Kb6 35. Re4 Kc5 36. f5 Rb8 37. f6 Rb2+ 38. Kf3 Rxa2 39. f7
Ra3+ 40. Kg4 Ra6 41. f8=Q+ Kb6 42. Re6+ Kb7 43. Qf7+ {#r} 1-0

[Event "Idaho Open"]
[Site "Pocatello, ID"]
[Date "2010.05.01"]
[Round "3.5"]
[White "Porth, Adam"]
[Black "Stark, Jim"]
[Result "0-1"]
[WhiteElo "1255"]
[BlackElo "1557"]

1. d4 d5 2. c4 c6 3. c5 b6 4. Qc2 e6 5. Nf3 bxc5 6. dxc5 Qa5+ 7. Bd2 Qxc5 8.
Bc3 Nf6 9. e3 a5 10. Nbd2 Be7 11. Nb3 Qb6 12. Nbd4 Bb4 13. Bd3 Bxc3+ 14. Qxc3
Qb4 15. Rc1 Ba6 16. Ne5 Bxd3 17. Nxd3 Qxc3+ 18. Rxc3 Ne4 19. Rc2 Ra6 20. Ne5
c5 21. f3 O-O 22. fxe4 cxd4 23. exd5 dxe3 24. dxe6 Rxe6 25. Nf3 f5 26. Ke2 f4
27. Rhc1 h6 28. Rc8 Nd7 29. Nd4 Rb6 30. b3 a4 31. Rxf8+ Nxf8 32. Rf1 g5 33.
Rb1 Nd7 34. b4 g4 35. b5 Rd6 36. Rb4 Nb6 37. Nf5 Rd2+ 38. Ke1 Nd5 39. Rd4 Rxd4
40. Nxd4 h5 41. Nf5 Kf8 42. Nd6 Nb6 43. Ke2 Ke7 44. Nf5+ Kf6 45. Nxe3 fxe3 46.
Kxe3 Ke5 47. h4 gxh3 48. gxh3 Nd5+ 49. Kd3 h4 50. Kc4 Kd6 {And now White made
an illegal move. 51.Kb4 Nb6 52.Ka5 Kc7 53.Ka6 a3 54.Ka5 Nd5 55.Ka4 Kb6 56.Kxa3
Kxb5 57.Kb3 Nf4 58.a4+ Ka5 59.Kc3 Nxh3 60.Kd2 Nf4 61.Ke1 h3 62.Kf1 h2 63.Kf2
h1Q 64.Ke3 Ne6 65.Kd3 Kxa4 66.Ke3 Qh4 67.Kf2 (another illegal move.) Qh3 68.
Kg1 Kb4 69.Kf2 Qc3 70.Kg2 Kc4 71.Kf2 Kd4 72.Kg2 Ke4 73.Kh2 Kf4 74.Kg2 Qf3+ 75.
Kg1 Qe2 76.Kh1 Kg3 77.Kg1 Qg2#} 0-1

[Event "Idaho Open"]
[Site "Pocatello, ID"]
[Date "2010.05.02"]
[Round "4.6"]
[White "Finch, Douglas W"]
[Black "Porth, Adam"]
[Result "1-0"]
[WhiteElo "1373"]
[BlackElo "1255"]

1. d4 d5 2. Nf3 Nf6 3. e3 c5 4. Bb5+ Nbd7 5. dxc5 e6 6. c6 bxc6 7. Bxc6 Rb8 8.
Ne5 Bd6 9. Bxd7+ Bxd7 10. Nxd7 Qxd7 11. O-O Qc7 12. g3 O-O 13. a4 Be5 14. c3
h6 15. Qc2 Nh7 16. Nd2 Ng5 17. f4 Nh3+ 18. Kg2 Nxf4+ 19. exf4 Bd6 20. Nf3 Qc6
21. Nd4 Qa6 22. Be3 Rb7 23. Nb5 Rc8 24. Nxd6 Qxd6 25. Rf2 Qc6 26. Kg1 Rcb8 27.
b4 a6 28. a5 Rc8 29. Bc5 Rd7 30. Rc1 Qb7 31. Re2 Qb5 32. Bd4 Qc4 33. Rce1 Re8
34. f5 Qc6 35. Qd3 Rdd8 36. fxe6 Rxe6 37. Rxe6 fxe6 38. Qg6 Qd7 39. Rxe6 Qf7
40. Qxf7+ Kxf7 41. Rxa6 Rd7 42. Ra7 Rxa7 43. Bxa7 Ke7 44. Bd4 Kd7 45. a6 g5
46. a7 Kc6 47. a8=Q+ Kd6 48. Qa6+ Kc7 49. b5 g4 50. b6+ Kd7 51. b7 h5 52. b8=Q
h4 53. Qbb7+ Kd8 54. Qaa8# 1-0

[Event "Pres. Cup-1 (Qualifier)"]
[Site "Twin Falls, ID"]
[Date "2010.07.31"]
[Round "4.6"]
[White "Patterson, Kevin R"]
[Black "Porth, Adam"]
[Result "1/2-1/2"]
[WhiteElo "922"]
[BlackElo "1184"]

1. e4 e5 2. Nf3 Nc6 3. Bc4 d6 4. c3 Nf6 5. d3 g6 6. Bg5 Bg7 7. Nbd2 O-O 8. d4
Qe7 9. dxe5 Nxe5 10. O-O Qe8 11. Bb3 Bg4 12. h3 Nxf3+ 13. Nxf3 Bxf3 14. Qxf3
Nxe4 15. Rfe1 Nxg5 16. Qxb7 Qd7 17. Qd5 Nxh3+ 18. gxh3 Qxh3 19. Re3 Rae8 20.
Rxe8 Qg4+ 21. Kf1 {#d} 1/2-1/2

[Event "Pres. Cup-2 (Eliminator)"]
[Site "Twin Falls, ID"]
[Date "2010.07.31"]
[Round "1.3"]
[White "Eacker, Barry D"]
[Black "Porth, Adam"]
[Result "1-0"]
[WhiteElo "1608"]
[BlackElo "1236"]

1. d4 c6 2. Bf4 d5 3. e3 Bf5 4. Nd2 Nd7 5. Ngf3 Ngf6 6. Be2 g6 7. Ne5 Bg7 8.
g4 Be6 9. c3 Nxe5 10. Bxe5 O-O 11. h4 Qc8 12. Rg1 Rd8 13. f3 c5 14. Bd3 Nd7
15. Bxg7 Kxg7 16. h5 c4 17. Bc2 Rf8 18. Qe2 Qc7 19. Qg2 f5 20. gxf5 Bxf5 21.
Bxf5 Rxf5 22. hxg6 h6 23. Qh3 Raf8 24. Ke2 R8f6 25. Raf1 Nf8 26. f4 e6 27. Nf3
Nxg6 28. Ne5 Kh7 29. Rxg6 Rxg6 30. Nxg6 Qf7 31. Rg1 Rf6 32. Ne5 Qe8 33. Qg4
Qe7 34. Qg8# 1-0

[Event "Pres. Cup-2 (Eliminator)"]
[Site "Twin Falls, ID"]
[Date "2010.07.31"]
[Round "2.3"]
[White "Porth, Adam"]
[Black "Buckendorf Jr., Glen"]
[Result "0-1"]
[WhiteElo "1236"]
[BlackElo "1800"]

1. d4 d5 2. Nf3 Nf6 3. e3 g6 4. Bd2 Bg7 5. Bd3 O-O 6. Bb4 Re8 7. c3 Nc6 8. Bb5
Bd7 9. Qe2 Nxb4 10. cxb4 c6 11. Bd3 Ne4 12. Nbd2 Bg4 13. Nxe4 dxe4 14. Bxe4 e5
15. dxe5 Bxe5 16. Qc2 Bg7 17. O-O Qb6 18. Qc4 Re7 19. Rab1 Rae8 20. Ng5 h6 21.
Nxf7 Rxe4 22. Nxh6+ Kh7 23. Qf7 Kxh6 24. Rfe1 R8e7 25. Qb3 Bf5 26. Qa3 a6 27.
Rbc1 Qxb4 28. Qd3 R4e5 29. Qd8 Kh7 30. b3 Bh6 31. Kf1 Rd5 32. Qb8 Rde5 33.
Rxc6 Qb5+ 34. Rc4 Bd3+ 35. Kg1 Bxc4 36. bxc4 Qxc4 37. a3 Qc3 38. Rf1 Qxa3 39.
Qd6 {#R} 0-1

[Event "WRW Progressive"]
[Site "Hailey, ID"]
[Date "2010.10.09"]
[Round "2.3"]
[White "Baggett, Jeff M"]
[Black "Porth, Adam"]
[Result "1-0"]
[WhiteElo "1606"]
[BlackElo "1229"]

1. e4 e5 2. Bc4 Nf6 3. d3 c6 4. c3 d5 5. exd5 cxd5 6. Bb3 Bc5 7. h3 O-O 8. Ne2
e4 9. d4 Bb6 10. O-O Be6 11. Bg5 Nbd7 12. Nd2 Bc7 13. f4 exf3 14. Nxf3 Qc8 15.
Nf4 Bxf4 16. Bxf4 Ne4 17. Qe1 Ndf6 18. Qh4 b5 19. Rac1 Qa6 20. Ng5 Nxg5 21.
Bxg5 Ne4 22. Bf4 Qb7 23. Bc2 f5 24. Be5 Nd2 25. Rf4 Rf7 26. Qh5 Nc4 27. b3
Nxe5 28. dxe5 Qb6+ 29. Kh2 Qe3 30. Rff1 Qxe5+ 31. Kg1 Qxc3 32. Qe2 Qf6 33.
Qxb5 Qh6 34. Qc6 Raf8 35. Rce1 Rf6 36. Rxe6 Rxe6 37. Qxd5 Kh8 38. Qc5 g6 39.
Qxa7 Qg7 40. Qc5 Rfe8 41. Bd3 Re1 42. Qf2 Rxf1+ 43. Qxf1 Qe7 44. a4 Qb4 45.
Qa1+ Kg8 46. Bc4+ Kf8 47. Qh8+ Ke7 48. Qxh7+ Kd8 49. Qh4+ Qe7 50. Qd4+ Kc7 51.
Qa7+ Kd8 52. Qb8+ Kd7 53. Bb5+ {#r} 1-0

[Event "WRW Progressive"]
[Site "Hailey, ID"]
[Date "2010.10.09"]
[Round "3.3"]
[White "Porth, Adam"]
[Black "Patterson, Kevin R"]
[Result "1-0"]
[WhiteElo "1229"]
[BlackElo "1270"]

1. d4 c6 2. Nf3 d5 3. e3 Bf5 4. Bd3 Bxd3 5. Qxd3 Nd7 6. b3 e6 7. Bb2 Ngf6 8.
Nbd2 Bd6 9. Ne5 Qc7 10. Ndf3 c5 11. dxc5 Nxc5 12. Qb5+ Ke7 13. O-O a6 14. Qe2
Ncd7 15. Nxd7 Qxd7 16. Bxf6+ Kxf6 17. c4 dxc4 18. Qxc4 Ke7 19. Rad1 Rac8 20.
Qh4+ f6 21. Rd2 Qc6 22. g3 Qc5 23. Qe4 Qb4 24. Qd3 Rc3 25. Qe2 Qc5 26. Nd4 Rc8
27. Qg4 Re8 28. Qxg7+ Kd8 29. Qxf6+ {#r} 1-0

[Event "WRW Progressive"]
[Site "Hailey, ID"]
[Date "2010.10.09"]
[Round "4.2"]
[White "Manross, Sean"]
[Black "Porth, Adam"]
[Result "1-0"]
[WhiteElo "1809"]
[BlackElo "1229"]

1. d4 Nf6 2. Nf3 e6 3. g3 c5 4. Bg2 d5 5. c4 Nbd7 6. Nc3 Qb6 7. O-O dxc4 8.
dxc5 Bxc5 9. Na4 Qc7 10. Nxc5 Nxc5 11. Bf4 Qb6 12. Qc2 Qa6 13. Rfd1 Ng4 14. h3
Nf6 15. Rd4 Nfe4 16. Nh2 Qb6 17. Rxe4 Nxe4 18. Bxe4 f5 19. Bg2 O-O 20. Rd1 Qc5
21. Bd6 Qa5 22. Bxf8 Kxf8 23. Qxc4 Qe5 24. Qc2 Rb8 25. Rd8+ Ke7 26. Rxc8 {#r}
1-0

[Event "SIO (Reserve)"]
[Site "Twin Falls, ID"]
[Date "2010.11.13"]
[Round "1.3"]
[White "Porth, Adam"]
[Black "Porth, Desmond"]
[Result "1-0"]
[WhiteElo "1255"]
[BlackElo "669"]

1. b4 e5 2. c4 Bxb4 3. Bb2 d6 4. Qa4+ Bd7 5. Qxb4 Nc6 6. Qb3 Nf6 7. Nc3 O-O 8.
Nf3 Nd4 9. Nxd4 exd4 10. Nd5 Nxd5 11. cxd5 h6 12. Bxd4 c6 13. Qg3 Qg5 14. Qxd6
Bf5 15. dxc6 bxc6 16. Qxc6 Rac8 17. Qb7 Rfd8 18. e3 Ra8 19. Bc4 Be6 20. Bxe6
fxe6 21. h4 Qg6 22. Bxa7 Qc2 23. Bd4 Qh7 24. Rh3 Rab8 25. Qc7 Rdc8 26. Qd7 Rd8
27. Qxe6+ Kh8 28. Rg3 Rb7 29. Rg6 Rdb8 30. Rxh6 Rb1+ 31. Rxb1 Rxb1+ 32. Ke2
Qxh6 33. Qxh6+ Kg8 34. Qxg7# 1-0

[Event "SIO (Reserve)"]
[Site "Twin Falls, ID"]
[Date "2010.11.13"]
[Round "2.3"]
[White "Bruck, Nick Jon"]
[Black "Porth, Adam"]
[Result "1-0"]
[WhiteElo "1097"]
[BlackElo "1255"]

1. e4 c6 2. Nf3 d5 3. exd5 cxd5 4. d4 Nc6 5. Nc3 Bf5 6. Bd3 Bxd3 7. Qxd3 e6 8.
Qb5 Qe7 9. O-O $2 a6 10. Qa4 g6 11. Re1 Bg7 12. Nxd5 Qd6 13. Nb6 Rd8 14. c3
Nf6 15. Bg5 O-O $2 16. Bxf6 Bxf6 17. Nc4 Qc7 18. Nce5 Nxe5 19. Nxe5 Bxe5 20.
dxe5 Rd2 21. Rab1 Qc5 22. Qf4 Rfd8 23. g3 Qd5 24. Qe4 Qxe4 25. Rxe4 Rd1+ 26.
Rxd1 Rxd1+ 27. Kg2 Rd2 28. Rb4 b5 29. a4 bxa4 30. Rxa4 Rxb2 31. Rxa6 Kf8 32.
Kf3 Ke7 33. Ra7+ Ke8 34. Ke3 h5 35. Rc7 Rb5 36. f4 Rb1 37. Kf3 Rf1+ 38. Kg2
Rd1 39. Kh3 Rd7 40. Rxd7 Kxd7 41. Kh4 Ke7 42. Kg5 f6+ 43. exf6+ Kf7 44. c4 Kf8
45. Kxg6 Kg8 46. c5 Kf8 47. c6 e5 48. c7 Ke8 49. c8=Q# 1-0

[Event "SIO (Reserve)"]
[Site "Twin Falls, ID"]
[Date "2010.11.13"]
[Round "3.3"]
[White "Porth, Adam"]
[Black "Patterson, Katie Rae"]
[Result "1-0"]
[WhiteElo "1255"]
[BlackElo "956"]

1. d4 d5 2. Nf3 Nf6 3. e3 Nc6 4. Bd3 g6 5. Bd2 Bg7 6. O-O O-O 7. c4 dxc4 8.
Bxc4 e6 9. Bc3 Ne4 10. Nbd2 Nxd2 11. Qxd2 b6 12. e4 Bb7 13. d5 Na5 14. Bxg7
Kxg7 15. Qc3+ Kg8 16. Ne5 Nxc4 17. Qxc4 a6 18. dxe6 b5 19. exf7+ Kh8 20. Qc3
Qf6 21. Nxg6+ hxg6 22. Qxf6+ Kh7 23. e5 Bd5 24. e6 Bxe6 25. Qxe6 Kg7 26. Qe5+
Kxf7 27. Qxc7+ Kg8 28. Rfe1 Rae8 29. Qg3 Kg7 30. Rxe8 Rxe8 31. Kf1 a5 32. Re1
Rxe1+ 33. Kxe1 b4 34. Qc7+ Kh6 35. Qxa5 b3 36. axb3 g5 37. b4 g4 38. h4 g3 39.
Qg5+ Kh7 40. h5 Kh8 41. h6 Kh7 42. Qg7# 1-0

[Event "SIO (Reserve)"]
[Site "Twin Falls, ID"]
[Date "2010.11.13"]
[Round "4.2"]
[White "Featherston, Scott"]
[Black "Porth, Adam"]
[Result "0-1"]
[WhiteElo "803"]
[BlackElo "1255"]

1. d4 d5 2. Nc3 e6 3. a3 c5 4. e3 Nc6 5. Nge2 g6 6. h3 Bg7 7. dxc5 Nf6 8. Qd3
O-O 9. Bd2 Qc7 10. g3 a6 11. f3 Ne5 12. Qd4 Nxf3+ 13. Kf2 Nxd4 14. exd4 Ne4+
15. Nxe4 dxe4 16. Be3 b6 17. b4 f5 18. Bf4 Qd7 19. c3 Bb7 20. Ke3 e5 21. Rd1
exf4+ 22. Nxf4 bxc5 23. bxc5 Bh6 24. Bc4+ Kh8 25. d5 Qa4 26. Ba2 Qxa3 27. Rc1
Qxc5+ 28. Ke2 Bxf4 29. gxf4 Bxd5 30. Bxd5 Qxd5 31. Rhd1 Qc4+ 32. Ke3 Rfd8 33.
Re1 Rd3+ 34. Kf2 Rxh3 35. Re3 Qa2+ 36. Kg1 Rxe3 37. c4 Rf3 38. Rf1 Rg3+ 39.
Kh1 Qg2# 0-1

[Event "WIO (Reserve)"]
[Site "Boise, ID"]
[Date "2010.12.11"]
[Round "1.3"]
[White "Porth, Adam"]
[Black "Featherston, Scott"]
[Result "1-0"]
[WhiteElo "1255"]
[BlackElo "803"]

1. d4 d5 2. Nf3 Bg4 3. e3 Nf6 4. Bd3 Nbd7 5. b3 c6 6. Bb2 e6 7. Nbd2 Bd6 8.
O-O O-O 9. Qe2 a6 10. h3 Bh5 11. g4 Nxg4 12. hxg4 Bxg4 13. e4 Re8 14. e5 Bb4
15. c3 Be7 16. Qe3 h6 17. Qf4 f5 18. exf6 Nxf6 19. Ne5 Bd6 20. f3 g5 21. Qh2
h5 22. fxg4 h4 23. Qh3 Rf8 24. Rf3 Qc7 25. c4 Rae8 26. Raf1 Qg7 27. c5 Bb8 28.
R1f2 Rc8 29. Qf1 Bxe5 30. dxe5 Nd7 31. Rxf8+ Nxf8 32. Rf6 Rc7 33. Nf3 Kh8 34.
Qc1 Nd7 35. Rxe6 Rc8 36. Nxg5 Rf8 37. Rg6 Qe7 38. e6+ Nf6 39. Rh6+ Kg8 40.
Rg6+ Kh8 41. Nf7+ Rxf7 42. Qh6+ Rh7 43. Bxf6+ Qxf6 44. Rxf6 Rxh6 45. Rxh6+ Kg7
46. e7 Kf7 47. Rh7+ Ke8 48. Bg6+ Kd7 49. e8=Q# 1-0

[Event "WIO (Reserve)"]
[Site "Boise, ID"]
[Date "2010.12.11"]
[Round "2.1"]
[White "Hollingsworth, Gary M"]
[Black "Porth, Adam"]
[Result "1/2-1/2"]
[WhiteElo "1215"]
[BlackElo "1255"]

1. d4 d5 2. c4 Nf6 3. Nf3 b6 4. Nc3 Bb7 5. Bg5 e6 6. e3 Nbd7 7. Rb1 h6 8. Bh4
Be7 9. b4 Ne4 10. Nxe4 Bxh4 11. Nc3 Qe7 12. Nb5 O-O 13. Nxh4 Qxh4 14. c5 Nf6
15. Nxc7 Rac8 16. Nb5 Ne4 17. Qc2 a6 18. Nc3 b5 19. Nxe4 Qxe4 20. Qb3 e5 21.
f3 Qh4+ 22. g3 Qf6 23. Qd1 exd4 24. exd4 Rfe8+ 25. Kf2 Re4 26. a4 bxa4 27.
Qxa4 Qxd4+ 28. Kg2 Qd2+ 29. Kh3 Re6 30. Qd7 Rce8 31. Qxb7 Qc2 32. Bxa6 Qf5+
33. Kg2 Qc2+ 34. Kh3 Qf5+ {#d} 1/2-1/2

[Event "WIO (Reserve)"]
[Site "Boise, ID"]
[Date "2010.12.11"]
[Round "3.2"]
[White "Porth, Adam"]
[Black "Pemsler, Carmen"]
[Result "1/2-1/2"]
[WhiteElo "1255"]
[BlackElo "1122"]

1. d4 c6 2. Nf3 d5 3. e3 Nf6 4. Bd3 Bg4 5. Nbd2 c5 6. b3 Nc6 7. a3 cxd4 8. h3
Bxf3 9. Nxf3 dxe3 10. Bxe3 e5 11. Nd2 Bd6 12. O-O O-O 13. f3 Qe7 14. c4 Bxa3
15. Qc2 dxc4 16. Qxc4 Bd6 17. Qh4 h6 18. Ne4 Nxe4 19. Qxe4 g6 20. Bxh6 Rfd8
21. Bc4 Bc5+ 22. Kh2 Kh7 23. Be3 Bxe3 24. Qxe3 Rh8 25. Qe4 Kg7 26. Bd5 Rac8
27. f4 f5 28. Qe3 b6 29. Bxc6 Rxc6 30. Qxe5+ Qxe5 31. fxe5 Re8 32. Rxa7+ Kg8
33. Re1 Rc5 34. Rb7 Rb5 35. e6 Rxb3 36. e7 Kf7 37. Rd7 Ra3 38. Rb1 Rxe7 39.
Rxe7+ Kxe7 40. Rxb6 Kf7 41. h4 {#d} 1/2-1/2

[Event "WIO (Reserve)"]
[Site "Boise, ID"]
[Date "2010.12.12"]
[Round "4.1"]
[White "Patterson, Kevin R"]
[Black "Porth, Adam"]
[Result "1/2-1/2"]
[WhiteElo "1263"]
[BlackElo "1255"]

1. e4 c6 2. c4 d5 3. exd5 cxd5 4. cxd5 Qxd5 5. Nc3 Qd6 6. Nf3 e5 7. Bc4 Be6 8.
Qb3 Bxc4 9. Qxc4 Be7 10. Nb5 Qc5 11. Qxc5 Bxc5 12. Nc7+ Kd8 13. Nxa8 Nc6 14.
O-O f6 15. d3 Nge7 16. Be3 Bd6 17. Nb6 axb6 18. Bxb6+ Kd7 19. a3 Nd5 20. Be3
Na5 21. Rac1 Nb3 22. Rc2 g5 23. Nd2 Nxd2 24. Rxd2 Rc8 25. Rdd1 h5 26. Rc1 Re8
27. h3 g4 28. hxg4 h4 29. Rce1 Rg8 30. f3 Nxe3 31. Rxe3 Bc5 32. Rfe1 Bxe3+ 33.
Rxe3 Rc8 34. Re2 Kd6 35. Kh2 Kd5 36. Kh3 Kd4 37. Kxh4 {#d} 1/2-1/2

[Event "Idaho Closed"]
[Site "Twin Falls, ID"]
[Date "2011.02.19"]
[Round "1.7"]
[White "Roland, Jeffrey T"]
[Black "Porth, Adam"]
[Result "1/2-1/2"]
[WhiteElo "1703"]
[BlackElo "1244"]

1. d4 d5 2. c4 e6 3. Nc3 Nf6 4. Bg5 Be7 5. e3 b6 6. Nf3 Bb7 7. Rc1 Nbd7 8. Be2
Ne4 9. Bxe7 Qxe7 10. O-O Ndf6 11. cxd5 Nxc3 12. bxc3 exd5 13. c4 O-O 14. Ne5
c5 15. f4 Rac8 16. Qa4 cxd4 17. Qxa7 Ra8 18. Qxb6 Rxa2 19. Bf3 dxe3 20. Qxe3
dxc4 {#d} 1/2-1/2

[Event "Idaho Closed"]
[Site "Twin Falls, ID"]
[Date "2011.02.19"]
[Round "2.7"]
[White "Kircher, Caleb Paul"]
[Black "Porth, Adam"]
[Result "0-1"]
[WhiteElo "1760"]
[BlackElo "1244"]

1. e4 c6 2. d4 d5 3. Nc3 e6 4. e5 c5 5. Bb5+ Bd7 6. Be3 Bxb5 7. Nxb5 Qa5+ 8.
Nc3 Nc6 9. Nf3 b5 10. O-O b4 11. Ne2 c4 12. c3 Nge7 13. cxb4 Qxb4 14. Qc2 Nf5
15. Bd2 Qb6 16. Bc3 Bb4 17. Qa4 Bxc3 18. bxc3 O-O 19. Rab1 Qc7 20. g4 Nfe7 21.
Qc2 h6 22. h4 f6 23. exf6 Rxf6 24. Nh2 e5 25. dxe5 Nxe5 26. Kg2 Nxg4 27. Nxg4
Rg6 28. f3 h5 29. Kh3 hxg4+ 30. fxg4 Qe5 31. Nd4 Rf8 32. Rfe1 Qf6 33. Qe2 Nc6
34. Nf5 Qxc3+ 35. Kh2 Nd4 36. Ne7+ Kh7 37. Nxg6 Nxe2 38. Nxf8+ Kg8 39. Rxe2
Kxf8 40. Rb8+ Kf7 41. Rb7+ Kf6 42. g5+ Kf5 43. Rxa7 Kg4 44. Rd7 Qg3+ 45. Kh1
Qf3+ 46. Kg1 Qxe2 47. Rxd5 Kg3 {#R} 0-1

[Event "Idaho Closed"]
[Site "Twin Falls, ID"]
[Date "2011.02.20"]
[Round "3.4"]
[White "Porth, Adam"]
[Black "Eacker, Barry D"]
[Result "0-1"]
[WhiteElo "1244"]
[BlackElo "1609"]

1. e4 e6 2. c3 d5 3. Nf3 Nf6 4. e5 Nfd7 5. d4 Be7 6. Be3 c5 7. c4 dxc4 8. Bxc4
cxd4 9. Bxd4 Nc6 10. Bc3 Qc7 11. Bb5 O-O 12. Bxc6 Qxc6 13. Nbd2 b6 14. Rc1 Qd5
15. Nb3 Bb7 16. Qxd5 Bxd5 17. Rd1 Rfd8 18. Nbd4 Nc5 19. O-O Rac8 20. Nb5 a6
21. Nd6 Bxd6 22. exd6 Rxd6 23. Be5 Rdd8 24. b3 Ne4 25. Rc1 Nc5 26. Nd4 Nd3 27.
Rxc8 Rxc8 28. Bd6 Nc1 29. a3 Nxb3 30. Nxb3 Bxb3 31. Rb1 Rc6 32. Bf4 Ba4 33.
Be3 b5 34. Kf1 Kf8 35. Ke1 Ke8 36. Rc1 Kd7 37. Bc5 e5 38. Rc3 Ke6 39. Ke2 Kd5
40. Bb4 Rxc3 41. Bxc3 g6 42. Ke3 f5 43. g3 e4 44. f3 Kc4 45. Bb4 Bc2 46. h4
exf3 47. Kxf3 Kb3 48. Bf8 a5 49. Kf4 b4 50. Bxb4 axb4 51. axb4 Kxb4 52. g4 Kc4
53. gxf5 gxf5 54. h5 Kd4 55. h6 Bb1 56. Kg5 Ke3 57. Kf6 f4 58. Kg7 f3 {#R} 0-1